| 000 | 00389nam a2200145Ia 4500 | ||
|---|---|---|---|
| 008 | 231129s1999||||xx |||||||||||||| ||spa|| | ||
| 020 | _a84-245-0363-5 | ||
| 040 | _bspa | ||
| 082 | _a794.1 A283e | ||
| 100 | _aAguilera Ricardo | ||
| 245 | 0 | _aEl error en la apertura | |
| 260 | _c1999 | ||
| 264 | _aMadrid EspaƱa : Fundamentos | ||
| 942 |
_2ddc _cBKS |
||
| 999 |
_c10986 _d10986 |
||